Resumen de las actividades del Departamento de Relaciones Públicas y Protocolo : 1975 1975
Descripción Física:
58 f. [mecanografiats] ; 30 cm
MARC
| LEADER | 00000nam a2200000Ia 4500 | ||
|---|---|---|---|
| 001 | 12025 | ||
| 008 | 160829s1976 ?] xx 000 0 cat d | ||
| 080 | |a M-3-323 | ||
| 110 | 1 | |a Barcelona (Catalunya : Barcelona). |b Departament de Relacions Públiques i Protocol |9 54964 | |
| 245 | |a Resumen de las actividades del Departamento de Relaciones Públicas y Protocolo : |b 1975 | ||
| 260 | |a Barcelona : |b [Diputació, |c 1976 ?] | ||
| 300 | |a 58 f. [mecanografiats] ; |c 30 cm | ||
| 590 | |a Prové de S-302 | ||
| 610 | 1 | 0 | |a Barcelona (Catalunya : Barcelona). |b Departament de Relacions Públiques i Protocol |9 54964 |
| 901 | |a Arxiu | ||
| 942 | |n 1 | ||
| 952 | |0 0 |1 0 |4 0 |6 M3323 |7 1 |9 53299 |a Arxiu |b Arxiu |d 2016-12-01 |l 0 |o M-3-323 |p 12025 |r 2016-12-01 00:00:00 |w 2016-12-01 |y ARXIU | ||
| 999 | |c 57163 |d 57163 | ||